El Jesús de la historia (Registro nro. 46055)
[ vista simple ]
| 000 -LÍDER | |
|---|---|
| Campo fijo de descripción fija | 013710000a22002890004500 |
| 001 - NÚMERO DE CONTROL | |
| Campo de control | 19693 |
| 003 - IDENTIFICADOR DEL NÚMERO DE CONTROL | |
| Campo de control | CO-MdFUSB |
| 005 - FECHA Y HORA DE LA ULTIMA TRANSACCIÓN | |
| control field | 20180622165144.0 |
| 008 - ELEMENTOS DE LONGITUD FIJA -- INFORMACIÓN GENERAL | |
| Campo fijo de descripción fija -- Información general | 160329b2007 sp ||||f |||| 00| 0 spa d |
| 020 ## - NÚMERO INTERNACIONAL NORMALIZADO PARA LIBROS | |
| Número Internacional Normalizado del libro | 84-8432-885-6 |
| 040 ## - FUENTE DE CATALOGACIÓN | |
| Agencia de catalogación original | CO-MdFUSB |
| Agencia que realiza la transcripción | CO-MdFUSB |
| Convenciones de la descripción | rda |
| 041 ## - CÓDIGO DE IDIOMA | |
| Código de idioma para texto/pista de sonido o título separado | spa |
| 100 1# - ASIENTO PRINCIPAL--NOMBRE PERSONAL | |
| Nombre personal | Crossan, John Dominic |
| Fechas asociadas con el nombre | 1934- |
| 245 13 - TÍTULO | |
| Título del Material | El Jesús de la historia |
| Parte restante del título - Subtitulo | : vida de un campesino judío |
| Mención de responsabilidad, etc. | / John D. Crossan ; traducido por Teófilo de Lozoya |
| 246 ## - FORMA VARIANTE DEL TITULO | |
| Título propiamente dicho/forma breve del título | Título original en inglés: The historical Jesus. The life of a mediterranean jewis peasant |
| 250 ## - MENCIÓN DE EDICIÓN | |
| Mención de edición | Segunda edición |
| 264 ## - PRODUCCIÓN, PUBLICACIÓN, DISTRIBUCIÓN, MANUFACTURA, Y COPYRIGHT | |
| Lugar de producción, publicación, distribución, manufactura | Barcelona, España |
| Nombre del productor, publicador, distribuidor | : Crítica |
| Fecha de producción, publicación, distribución, manufactura, o copyright | 2007 |
| 300 ## - DESCRIPCIÓN FÍSICA | |
| Extensión | 565 páginas |
| 336 ## - TIPO DE CONTENIDO | |
| Término de tipo de contenido | |
| Fuente | rdacontent |
| Código de tipo de contenido | |
| 337 ## - TIPO DE MEDIO | |
| Fuente | rdamedia |
| Nombre del tipo de medio | |
| Código del tipo de medio | |
| 338 ## - TIPO DE SOPORTE | |
| Nombre del tipo de soporte | |
| Fuente | rdacarrier |
| Código Tipo de soporte | |
| 501 ## - NOTA DE “CON” | |
| Nota de Contenido | rústico |
| 505 00 - NOTA DE CONTENIDO | |
| Nota de contenido con formato preestablecido | Un imperio en manos intermediarios -- Guerra y paz -- esclavo y patrono -- pobreza y libertad -- La mediación puesta en entredicho -- Aristócrata e historiador -- visionario y maestro -- campesino y manifestante -- Mago y profeta -- Bandido y Mesías -- Rebelde y revolucionario -- Un reino sin intermediarios -- Juan y Jesús -- El reino y la sabiduría -- Magia y banquete -- Muerte y sepultura -- Resurrección y autoridad -- Jesús y el judaísmo |
| 653 ## - TÉRMINO DE INDIZACIÓN - NO CONTROLADO | |
| Término no controlado | Jesús - Historicidad |
| 700 ## - ASIENTO SECUNDARIO - NOMBRE PERSONAL | |
| 9 (RLIN) | 66 |
| Nombre personal | Lozoya, Teófilo de |
| Responsabilidad | Traductor |
| 942 ## - TIPO DE MATERIAL (KOHA) | |
| Tipo de Item KOHA | Libros General |
| Estado de Material | Estado de Perdido | Forma de Clasificación | Estado de Dañado | No para Préstamo | Colección | Tomo | Biblioteca de Origen | Biblioteca Permanente | Fecha de Adquisición | Total de Préstamos | Signatura Topográfica | Código de Barras | Última vez visto | Última vez Préstado | Ejemplar/Existencia | Fecha de Remplazo | Tipo de Material |
|---|---|---|---|---|---|---|---|---|---|---|---|---|---|---|---|---|---|
| Dewey Decimal Classification | Colección General | Biblioteca FUSBC | Biblioteca FUSBC | 08/05/2015 | 2 | G 232.908 C9516j | 19768 | 12/12/2019 | 12/09/2017 | Ej. 1 | 26/01/2016 | Libros General |
